00579nam a2200133Ia 4500008004100000020001800041100002100059245016400080260004300244300004800287500002100335650004100356650004800397191209s9999 xx 000 0 und d a0-470-80823-3 aAlfredson, Keith cKeith Alfredson, Ken Leo, Ruth Picker, Paul Pacter, Jennie Radford, Victoria Wise.--aApplying International Financial Reporting Standards bEnhanced Edition / aSingapore : bJohn Wileys & Sonsc2007 a1235pages :bcolored illustrationsc25 cm. aIncludes index. a Financial statements -- Standards. aInternational Financial Reporting Standards